000 00759nam a22003137a 4500
001 BR7315016
003 BR-BrBNA
005 20230928084311.0
007 ta
008 230509b bl.||||| |||| 00| 0 por d
040 _aBR-BrBNA
_bpor
_cBiblioteca Nacional de Agricultura
041 _a(Por)
072 _aF01; E70
_b0331
_b/G514
090 _ 0331 BR7315016
100 1 _aVieira, L.M.
100 1 _aCastro, L.P. de
245 1 _aMamona
260 3 _aRio de Janeiro, GB (Brasil):
_c1966.
300 _a5 p.
500 _a7 tables
650 _aMAMONA
650 _aOLEO
650 _aPRATICA CULTURAL
650 _aCOMERCIALIZACAO
650 _aEXPORTACAO
650 _aIMPORTACAO
909 _a202309
_bLucia
_c55
_dLucia Elande
942 _cBK
999 _c18022
_d18022